[Event "Kaupthing op-B 1st"]
[Site "Differdange"]
[Date "2007.07.13"]
[Round "8"]
[White "Adami, Eric"]
[Black "Birtz, Claude"]
[Result "0-1"]
[WhiteElo "1653"]
[BlackElo "1936"]
[PlyCount "70"]
[EventDate "2007.07.08"]
[EventType "swiss"]
[EventRounds "9"]
[EventCountry "LUX"]
[SourceTitle "EXT 2008"]
[Source "ChessBase"]
[SourceDate "2007.11.25"]
[SourceVersion "1"]
[SourceVersionDate "2007.11.25"]
[SourceQuality "1"]

1. e4 d5 2. d4 Nf6 3. Bd3 g6 4. Bg5 Bg7 5. Qd2 Nc6 6. Ne2 e5 7. c3 h6 8. Bh4 g5 9. Bg3 Nh5 10. exd5 Nxg3 11. Nxg3 Ne7 12. Nh5 0-0 13. g3 Ng6 14. Nxg7 Kxg7 15. Qe2 f5 16. Nd2 f4 17. 0-0-0 Bh3 18. Rdg1 f3 19. Nxf3 Bg4 20. Nxg5 Bxe2 21. Ne6+ Kg8 22. Nxd8 Bxd3 23. Rd1 Be4 24. Rhe1 Bf3 25. Ne6 Bxd1 26. Nxf8 Rxf8 27. Kxd1 Rxf2 28. Re2 Rxe2 29. Kxe2 Ne7 30. c4 Kg7 31. Kf3 h5 32. h3 Kg6 33. g4 h4 34. b4 Kg5 35. a4 Ng6 0-1

[Event "Kaupthing op-B 1st"]
[Site "Differdange"]
[Date "2007.07.08"]
[Round "2"]
[White "Adami, Eric"]
[Black "Blond Hanten, Elsa"]
[Result "1-0"]
[WhiteElo "1653"]
[BlackElo "1200"]
[PlyCount "46"]
[EventDate "2007.07.08"]
[EventType "swiss"]
[EventRounds "9"]
[EventCountry "LUX"]
[SourceTitle "EXT 2008"]
[Source "ChessBase"]
[SourceDate "2007.11.25"]
[SourceVersion "1"]
[SourceVersionDate "2007.11.25"]
[SourceQuality "1"]

1. e4 e5 2. Nf3 Nc6 3. Bb5 Nf6 4. 0-0 Bb4 5. c3 0-0 6. cxb4 Nxb4 7. d3 a6 8. Bc4 d6 9. h3 b5 10. Bb3 a5 11. a3 Nc6 12. Bg5 a4 13. Bd5 Na5 14. Bxa8 Nb3 15. Ra2 Ba6 16. Bd5 c6 17. Bxb3 axb3 18. Qxb3 Bc8 19. a4 bxa4 20. Rxa4 c5 21. Qc2 d5 22. Rd1 Nxe4 23. Bxd8 Rxd8 1-0

[Event "LUX-ch AB"]
[Site "Differdingen"]
[Date "2007.04.14"]
[Round "8.16"]
[White "Ludewig Gambucci, Daniela"]
[Black "Adami, Eric"]
[Result "0-1"]
[WhiteElo "1417"]
[BlackElo "1716"]
[PlyCount "50"]
[EventDate "2007.04.07"]
[EventType "swiss"]
[EventRounds "9"]
[EventCountry "LUX"]
[SourceTitle "EXT 2008"]
[Source "ChessBase"]
[SourceDate "2007.11.25"]
[SourceVersion "1"]
[SourceVersionDate "2007.11.25"]
[SourceQuality "1"]

1. f4 f5 2. Nf3 d6 3. e3 Nf6 4. Be2 Nbd7 5. b3 e5 6. fxe5 dxe5 7. Ng5 Qe7 8. Bc4 Nb6 9. Bf7+ Kd8 10. Ba3 c5 11. Qe2 h6 12. Qd3+ Kc7 13. Bxc5 Qxc5 14. Ne6+ Bxe6 15. Bxe6 f4 16. Nc3 a6 17. a4 Rd8 18. Qf5 fxe3 19. Ne4 Qd4 20. Ke2 Nxe4 21. Qf7+ Kb8 22. d3 Nc3+ 23. Kf3 Bd6 24. a5 e4+ 25. dxe4 Qxe4# 0-1

[Event "Luxembourg-chT 9900"]
[Site "Luxembourg"]
[Date "2000.02.06"]
[Round "6"]
[White "Jeitz, Olivier"]
[Black "Adami, Eric"]
[Result "1-0"]
[WhiteElo "1924"]
[BlackElo "1750"]
[PlyCount "87"]
[EventDate "1999.10.24"]
[EventType "team"]
[EventRounds "10"]
[EventCountry "LUX"]
[SourceTitle "EXT 2005"]
[Source "ChessBase"]
[SourceDate "2004.11.15"]
[SourceVersion "1"]
[SourceVersionDate "2004.11.15"]
[SourceQuality "1"]

1. c4 e5 2. Nc3 Nf6 3. g3 c6 4. d4 exd4 5. Qxd4 h6 6. Bg2 d6 7. Nf3 Be7 8. 0-0 0-0 9. Bf4 Qb6 10. Qd2 Be6 11. b3 Rd8 12. e4 d5 13. exd5 cxd5 14. cxd5 Bxd5 15. Qe2 Be6 16. Rac1 Rd7 17. Ne5 Rd8 18. Na4 Qb4 19. Rc7 Nd5 20. Bxd5 Rxd5 21. Nd3 Qb5 22. Rxe7 Qxd3 23. Qxd3 Rxd3 24. Re8+ Kh7 25. Rxb8 Rxb8 26. Bxb8 Rd2 27. Ra1 a6 28. Bf4 Rd7 29. Nc5 Re7 30. Nxe6 Rxe6 31. Rd1 b5 32. Rd6 Rxd6 33. Bxd6 Kg6 34. Kg2 Kf5 35. Kf3 g6 36. h3 a5 37. a4 bxa4 38. bxa4 Ke6 39. Bc7 Kd5 40. Bxa5 Kc4 41. Bd2 h5 42. a5 Kb5 43. Ke4 f6 44. h4 1-0

[Event "LUX-chABC"]
[Site "Dudelange"]
[Date "1997.04.02"]
[Round "5.23"]
[White "Schmit, Francis"]
[Black "Adami, Eric"]
[Result "1/2-1/2"]
[WhiteElo "1855"]
[BlackElo "1700"]
[PlyCount "51"]
[EventDate "1997.03.29"]
[EventType "swiss"]
[EventRounds "9"]
[EventCountry "LUX"]
[SourceTitle "EXT 2013"]
[Source "ChessBase"]
[SourceDate "2012.11.22"]
[SourceVersion "1"]
[SourceVersionDate "2012.11.22"]
[SourceQuality "1"]

1. d4 d5 2. c4 e6 3. Nc3 Nf6 4. Nf3 Bb4 5. Bg5 Nbd7 6. e3 c6 7. Bd3 Bxc3+ 8. bxc3 0-0 9. Qc2 Re8 10. Bxh7+ Kh8 11. Bd3 Qa5 12. c5 Ng8 13. h4 e5 14. dxe5 Nxc5 15. Bf4 Nxd3+ 16. Qxd3 g6 17. h5 Kg7 18. hxg6 fxg6 19. Nh4 Re6 20. Rh3 Bd7 21. Rg3 Ne7 22. Bg5 Rxe5 23. Bxe7 Bf5 24. Nxf5+ Rxf5 25. Bb4 Qc7 26. Qxf5 1/2-1/2

[Event "LUX-chABC"]
[Site "Dudelange"]
[Date "1997.03.31"]
[Round "3.33"]
[White "Adami, Eric"]
[Black "Bonne, Joseph"]
[Result "1-0"]
[WhiteElo "1700"]
[BlackElo "1345"]
[PlyCount "41"]
[EventDate "1997.03.29"]
[EventType "swiss"]
[EventRounds "9"]
[EventCountry "LUX"]
[SourceTitle "EXT 2013"]
[Source "ChessBase"]
[SourceDate "2012.11.22"]
[SourceVersion "1"]
[SourceVersionDate "2012.11.22"]
[SourceQuality "1"]

1. e4 c6 2. d4 d5 3. e5 Bf5 4. Bd3 e6 5. Bxf5 exf5 6. Nf3 c5 7. c3 c4 8. 0-0 h6 9. Re1 Nc6 10. e6 f6 11. Nh4 Nge7 12. Qh5+ g6 13. Nxg6 Nxg6 14. Qxg6+ Ke7 15. Qf7+ Kd6 16. Bf4+ Ne5 17. dxe5+ Kc6 18. exf6 Bd6 19. e7 Qe8 20. Qxe8+ Raxe8 21. Re6 1-0